[Event "Niedersachsen-ch U12"]
[Site "Rotenburg"]
[Date "2009.04.09"]
[Round "10"]
[White "Wagner, Dario"]
[Black "Kleene, Jan"]
[Result "1-0"]
[WhiteElo "1307"]
[BlackElo "1514"]
[PlyCount "77"]
[EventDate "2009.04.04"]
[EventType "swiss"]
[EventRounds "11"]
[EventCountry "GER"]
[SourceTitle "EXT 2010"]
[Source "ChessBase"]
[SourceDate "2010.11.25"]
[SourceVersion "1"]
[SourceVersionDate "2010.11.25"]
[SourceQuality "1"]

1. e4 c5 2. Nf3 Nc6 3. d4 cxd4 4. Nxd4 g6 5. Be3 Bg7 6. Nc3 Nf6 7. f3 0-0 8. Qd2 d6 9. 0-0-0 Bd7 10. g4 a5 11. h4 h5 12. gxh5 Nxh5 13. Bh6 Nxd4 14. Bxg7 Nb3+ 15. cxb3 Kxg7 16. Rg1 a4 17. bxa4 Bxa4 18. Qd4+ e5 19. Qxd6 Bxd1 20. Qxe5+ Nf6 21. Nxd1 Re8 22. Qg3 Qc8+ 23. Nc3 Rxa2 24. Kc2 Ra5 25. Bh3 Qc6 26. Bf5 Nh5 27. Qg4 Kf8 28. Bd7 Nf6 29. Bxc6 Nxg4 30. Bxe8 Ne3+ 31. Kd3 Kxe8 32. Kxe3 Rh5 33. Rg4 Ke7 34. Nd5+ Kd6 35. Rf4 f5 36. Nf6 Rh8 37. exf5 gxf5 38. Rxf5 Rf8 39. Ne4+ 1-0

[Event "Niedersachsen-ch U12"]
[Site "Rotenburg"]
[Date "2009.04.08"]
[Round "8"]
[White "Schumann, Steffen"]
[Black "Kleene, Jan"]
[Result "1/2-1/2"]
[WhiteElo "1423"]
[BlackElo "1514"]
[PlyCount "55"]
[EventDate "2009.04.04"]
[EventType "swiss"]
[EventRounds "11"]
[EventCountry "GER"]
[SourceTitle "EXT 2010"]
[Source "ChessBase"]
[SourceDate "2010.11.25"]
[SourceVersion "1"]
[SourceVersionDate "2010.11.25"]
[SourceQuality "1"]

1. e4 c5 2. Nf3 Nc6 3. d4 cxd4 4. Nxd4 e5 5. Nb5 d6 6. N1c3 a6 7. Na3 b5 8. Naxb5 axb5 9. Bxb5 Bd7 10. 0-0 Nf6 11. Bg5 h6 12. Bh4 Rb8 13. a4 Nd4 14. Bxd7+ Qxd7 15. Bxf6 gxf6 16. Nd5 Be7 17. b3 Rg8 18. a5 Qh3 19. g3 f5 20. exf5 Nxf5 21. Qf3 Nh4 22. Qh1 f5 23. a6 e4 24. a7 Nf3+ 25. Qxf3 exf3 26. axb8Q+ Kf7 27. Qxg8+ Kxg8 28. Nf4 1/2-1/2

[Event "Niedersachsen-ch U12"]
[Site "Rotenburg"]
[Date "2009.04.05"]
[Round "2"]
[White "Krueger, Iwan"]
[Black "Kleene, Jan"]
[Result "1-0"]
[WhiteElo "1170"]
[BlackElo "1514"]
[PlyCount "73"]
[EventDate "2009.04.04"]
[EventType "swiss"]
[EventRounds "11"]
[EventCountry "GER"]
[SourceTitle "EXT 2010"]
[Source "ChessBase"]
[SourceDate "2010.11.25"]
[SourceVersion "1"]
[SourceVersionDate "2010.11.25"]
[SourceQuality "1"]

1. e4 c5 2. Nf3 Nc6 3. Bc4 g6 4. d3 Nf6 5. Nc3 Bg7 6. Bf4 a6 7. a4 0-0 8. Qd2 Nb4 9. Bb3 d6 10. Bh6 Bd7 11. Qf4 Nh5 12. Qe3 Qb6 13. Rb1 Nxd3+ 14. Qxd3 Bxh6 15. g3 Bg7 16. Nd5 Qa5+ 17. Ke2 Rfe8 18. Nc3 b5 19. axb5 axb5 20. Ra1 Qb6 21. Bxf7+ Kxf7 22. Rxa8 c4 23. Ng5+ Kg8 24. Rxe8+ Bxe8 25. Qd5+ Kh8 26. Nf7+ Bxf7 27. Qxf7 Nf6 28. Nd5 Qd8 29. Rd1 Nxe4 30. Nxe7 Ng5 31. Nxg6+ hxg6 32. Qxg6 Qe7+ 33. Kf1 Nf7 34. Re1 Qd7 35. Qh5+ Kg8 36. Re4 Qb7 37. Re8+ 1-0

[Event "Niedersachsen-ch op"]
[Site "Verden"]
[Date "2009.01.03"]
[Round "2"]
[White "List, Tilman"]
[Black "Kleene, Jan"]
[Result "0-1"]
[WhiteElo "1747"]
[BlackElo "1232"]
[PlyCount "60"]
[EventDate "2009.01.03"]
[EventType "swiss"]
[EventRounds "7"]
[EventCountry "GER"]
[SourceTitle "EXT 2012"]
[Source "ChessBase"]
[SourceDate "2011.11.24"]
[SourceVersion "1"]
[SourceVersionDate "2011.11.24"]
[SourceQuality "1"]

1. e4 c5 2. Nf3 Nc6 3. d4 cxd4 4. Nxd4 g6 5. Nc3 Bg7 6. Be3 Nf6 7. Qd2 0-0 8. 0-0-0 a5 9. f3 a4 10. a3 d5 11. exd5 Nxd5 12. Nxc6 bxc6 13. Nxd5 Qxd5 14. Qxd5 cxd5 15. Rxd5 Rb8 16. Rb5 Bf5 17. Rxb8 Rxb8 18. c3 Kf8 19. Be2 Bxc3 20. Bh6+ Kg8 21. g4 Bxb2+ 22. Kd2 Be6 23. Bd3 Rd8 24. Kc2 Bxa3 25. Ra1 Bb3+ 26. Kc3 Rc8+ 27. Kd2 Bb4+ 28. Ke2 a3 29. Rb1 a2 30. Rxb3 Bc3 0-1

[Event "Niedersachsen-ch U12"]
[Site "Rotenburg"]
[Date "2008.03.17"]
[Round "5"]
[White "Vonhoff, Nils"]
[Black "Kleene, Jan"]
[Result "1/2-1/2"]
[WhiteElo "1199"]
[BlackElo "1093"]
[PlyCount "39"]
[EventDate "2008.03.15"]
[EventType "swiss"]
[EventRounds "11"]
[EventCountry "GER"]
[SourceTitle "EXT 2009"]
[Source "ChessBase"]
[SourceDate "2008.11.26"]
[SourceVersion "1"]
[SourceVersionDate "2008.11.26"]
[SourceQuality "1"]

1. Nf3 c5 2. e4 Nc6 3. d4 cxd4 4. Nxd4 g6 5. Be3 Bg7 6. Nc3 Nf6 7. f3 0-0 8. Bc4 Qb6 9. Rb1 Nxe4 10. Nxe4 Nxd4 11. 0-0 Qb4 12. Bxd4 Qxc4 13. Bxg7 Kxg7 14. b3 Qa6 15. a4 Qb6+ 16. Kh1 d6 17. Qd2 Bf5 18. Rfe1 Rac8 19. Rbc1 Rfe8 20. Re2 1/2-1/2

[Event "Niedersachsen-ch U12"]
[Site "Rotenburg"]
[Date "2008.03.15"]
[Round "1"]
[White "Kleene, Jan"]
[Black "Bach, Jannik"]
[Result "0-1"]
[WhiteElo "1093"]
[BlackElo "1366"]
[PlyCount "86"]
[EventDate "2008.03.15"]
[EventType "swiss"]
[EventRounds "11"]
[EventCountry "GER"]
[SourceTitle "EXT 2009"]
[Source "ChessBase"]
[SourceDate "2008.11.26"]
[SourceVersion "1"]
[SourceVersionDate "2008.11.26"]
[SourceQuality "1"]

1. d4 e6 2. c4 Nf6 3. Nc3 Bb4 4. Bd2 b6 5. Qc2 Bb7 6. 0-0-0 Bxc3 7. Bxc3 d5 8. cxd5 Nxd5 9. Nf3 Nd7 10. e3 Qe7 11. Bc4 Rc8 12. Rhe1 c5 13. Bd3 cxd4 14. exd4 Nb4 15. Qa4 Bd5 16. Kd2 Nxd3 17. Kxd3 Bc6 18. Qb3 Rd8 19. Kc2 Nf6 20. Ne5 Bxg2 21. Qb5+ Nd7 22. d5 a6 23. Qxa6 Nxe5 24. Bxe5 Qc5+ 25. Kb1 Bxd5 26. Bd4 Qa5 27. Qxa5 bxa5 28. Bxg7 Rg8 29. Bf6 Rd7 30. Bc3 Rg2 31. Bxa5 Rxf2 32. Rd2 Bxa2+ 33. Kxa2 Rfxd2 34. Bxd2 Rxd2 35. Rh1 Kd7 36. Ka3 f5 37. b4 f4 38. b5 Kc7 39. Ka4 f3 40. Ka5 Ra2+ 41. Kb4 f2 42. Kc3 Re2 43. Kd4 Re1 0-1